000 00740cab a2200217 4500
001 WB2803-23
008 090401t1992 xxu||||| |||| 00| 0 eng d
035 _a(Sirsi) u7397
041 _aeng
245 _aHome income plan test case
260 _c1992
350 _a0
490 _aMoney Week
_v(239) 15 January 1992, 1(1)
520 _aLawyers representing 1,200 home income plan victims have joined forces to present the first `multiple` test case in HC against the independent financial advisers, lenders and solicitors involved in recommending the schemes.
650 _aHOME INCOME PLANS
650 _aINDEPENDENT FINANCIAL ADVISERS
650 _aTEST CASE
690 _aHOUSING-FINANCE
942 _n0
948 _c04/03/1997
999 _c4467
_d4467